书目信息 |
| 题名: |
兵法故事
|
|
| 作者: | 计小为 , 杨宇清 编 | |
| 分册: | ||
| 出版信息: | 北京 中国工人出版社 2005.03 |
|
| 页数: | 303页 | |
| 开本: | 20cm | |
| 丛书名: | ||
| 单 册: | ||
| 中图分类: | E892.25-49 | |
| 科图分类: | ||
| 主题词: | 兵法--中国--春秋战国时代--通俗读物 | |
| 电子资源: | ||
| ISBN: | 7-5008-3455-1 | |
| 000 | 00793nam0 2200241 450 | |
| 001 | 0154512827 | |
| 005 | 20050919094044.95 | |
| 010 | @a7-5008-3455-1@dCNY22.00 | |
| 100 | @a20050411d2005 km y0chiy0120 ea | |
| 101 | 0 | @achi |
| 102 | @aCN@b110000 | |
| 105 | @ay z 000yy | |
| 200 | 1 | @a兵法故事@Abing fa gu shi@e胜利者的智慧传奇@f计小为, 杨宇清编@Fji xiao wei,yang yu qing bian |
| 210 | @a北京@c中国工人出版社@d2005.03 | |
| 215 | @a303页@d20cm | |
| 330 | @a本书讲解孙子兵法十三篇,并附古今战争故事。 | |
| 517 | 1 | @a胜利者的智慧传奇@Asheng li zhe de zhi hui chuan qi |
| 606 | 0 | @a兵法@y中国@z春秋战国时代@x通俗读物 |
| 690 | @aE892.25-49@v4 | |
| 701 | 0 | @a计小为@Aji xiao wei@4编 |
| 701 | 0 | @a杨宇清@Ayang yu qing@4编 |
| 801 | 0 | @aCN@bQSSK@c20050919 |
| 905 | @a10447@dE892.25-49@eJ155 | |
| 兵法故事:胜利者的智慧传奇/计小为, 杨宇清编.-北京:中国工人出版社,2005.03 |
| 303页;20cm |
| ISBN 7-5008-3455-1:CNY22.00 |
| 本书讲解孙子兵法十三篇,并附古今战争故事。 |
| ● |
| 相关链接 |
|
|
|
正题名:兵法故事
索取号:E892.25-49/J155
 
预约/预借
| 序号 | 登录号 | 条形码 | 馆藏地/架位号 | 状态 | 备注 |
| 1 | 524391 | 205243912 | 社科库509/509社科库 124排1列5层/ [索取号:E892.25-49/J155] | 在馆 | |
| 2 | 524392 | 205243921 | 社科库509/ [索取号:E892.25-49/J155] | 在馆 | |
| 3 | 524393 | 205243930 | 社科库509/509社科库 124排1列5层/ [索取号:E892.25-49/J155] | 在馆 |